| 000 | 01478nam0a22003491 4500 | ||
|---|---|---|---|
| 001 | rc\2284034 | ||
| 005 | 20110829191830.4 | ||
| 035 | _a(NLR Aleph) 006562974 | ||
| 090 |
_a6863541 _c6863541 |
||
| 100 | _a20110829d1976 |||y0rusy50 ca | ||
| 101 | 0 | _arus | |
| 102 | _aRU | ||
| 105 | _aa z ||||| | ||
| 200 | 1 |
_aС тобой, Испания _fГен.-майор артиллерии М.П. Ботин |
|
| 210 |
_aМосква _cВоениздат _d1976 |
||
| 215 |
_a208 с., 6 л. ил. _d20 |
||
| 225 | 1 | _aВоенные мемуары | |
| 606 |
_aСоветские добровольцы в национально-революционной войне испанского народа 1936-1939 гг. _jВоспоминания и записки _2psbo |
||
| 606 |
_aПролетарский интернационализм _2psbo |
||
| 606 |
_aАртиллеристы в национально-революционной войне испанского народа 1936-1939 гг. _jВоспоминания и записки _2psbo |
||
| 686 |
_aТ3(2)715-669(44с) _2rubbk |
||
| 686 |
_aТ3(4Ис)622.9-462.1 _2rubbk |
||
| 700 | 1 |
_aБотин _bМ. П. _gМихаил Поликарпович |
|
| 801 | 0 |
_aRU _bNLR _gpsbo |
|
| 801 | 1 |
_aRU _bELAR _2rusmarc |
|
| 852 |
_aNLR _j76-3/7805 |
||
| 899 |
_aRuMoRGB _jВО 676/307 |
||
| 899 |
_aRuMoRGB _jБ 76-45/339 |
||
| 899 |
_aRuMoRGB _jВО 676/308 |
||
| 899 |
_aRuMoRGB _jБ 76-45/338 |
||
| 942 | _cBOOK | ||
| 980 | _aNB | ||